| 000 | 00810cam a2200253 a 4500 | ||
|---|---|---|---|
| 001 | 15230012 | ||
| 003 | ARRUPE | ||
| 005 | 20150324144008.0 | ||
| 008 | 080324s2008 nyu b 001 0 eng | ||
| 010 | _a 2008012830 | ||
| 020 | _a9780791095973 | ||
| 040 |
_aDLC _cDLC _dDLC |
||
| 043 | _ae-uk-en | ||
| 050 | 0 | 0 |
_aPR2848 _b.S64 2008 |
| 082 | 0 | 0 |
_a821/.3 _222 |
| 100 |
_aShakespeare, William _915960 |
||
| 245 | 0 | 4 |
_aThe sonnets _c/ William Shakespeare; illustrated by Ian Penney |
| 260 |
_aLondon : _bBarrie and Jenkins, _c1988. |
||
| 300 |
_a191 p. ; _c19 cm. |
||
| 700 | 1 |
_aPenny, Ian (illust.) _915980 |
|
| 906 |
_a7 _bcbc _corignew _d1 _eecip _f20 _gy-gencatlg |
||
| 942 |
_2lcc _cMONOGRAPH |
||
| 999 |
_c122332 _d122332 |
||